000 00349nam a2200133Ia 4500
008 220530s9999 xx 000 0 und d
041 _aeng
082 _a621.31042
_bHUS
100 _aHusain Ashfaq
_956862
245 _aElectric Machine (2nd ed)
260 _aNew Delhi
_bDhanpatrai Publicaton
_c2012
300 _a632, vi P
_bPB
906 _a41.6
_bETC
999 _c51490
_d51490